| 000 | 01062nam a22002417a 4500 | ||
|---|---|---|---|
| 999 |
_c6999 _d6999 |
||
| 003 | AR-CdUCM | ||
| 008 | 190319b ||||| |||| 00| 0 spa d | ||
| 040 |
_aMUNICIPALIDAD PROVINCIAL DEL CUSCO _cBIBLIOTECA MUNICIPAL DEL CUSCO |
||
| 041 | _hger | ||
| 082 |
_a830.9 / _bR77 |
||
| 100 |
_aRöhl, Hans _919723 |
||
| 245 | _aBreve historia de la literatura alemana / | ||
| 260 |
_aBuenos Aires : _bUniversidad, _c1938. |
||
| 300 |
_a200 páginas ; _c21 cm. |
||
| 500 | _aDonación de la familia Nieto. Antes del título: Universidad de Buenos Aires. Facultad de filosofía y letras. Instituto de estudios germánicos. | ||
| 505 | _aContenido: El paganismo y la leyenda heroica -- El cristianismo y la obra poética del clero -- los juglares y la epopeya popular -- La caballería y la poesía cortesana -- El humanismo y la reforma ... | ||
| 650 |
_aHistoria de la Literatura _919724 |
||
| 650 |
_aOrígenes del drama _919725 |
||
| 650 |
_aProsa Alemana _919726 |
||
| 700 |
_aProbst, Juan Carlos (Traductor) _919727 |
||
| 942 |
_2ddc _cLIBROS |
||
| 945 | _araen | ||